| 000 | 00757nam a22002417a 4500 | ||
|---|---|---|---|
| 003 | UA-OsUOA | ||
| 001 | 43397 | ||
| 007 | ta | ||
| 008 | 20061221b un ||||| |||| 00| 0 ukr d | ||
| 100 | _aГригоров В.Б. | ||
| 090 |
_a81'25.111 _bГ83 |
||
| 942 | _cBK | ||
| 040 |
_aUA-OsUOA _brus _cUA-OsUOA _dUA-OsUOA |
||
| 245 |
_aКак работать с научной статьей _bПособие по англійскому языку |
||
| 300 | _a201 с. | ||
| 955 | _a1 | ||
| 041 | _arus | ||
| 080 | _a81'25.111 | ||
| 020 | _a5-06-001696-Х | ||
| 260 |
_aМ. _bВысшая школа _c1991 |
||
| 650 | 7 |
_a8 Мовознавство. Художня література. Літературознавство _2UDC |
|
| 999 |
_c329529 _d329529 |
||